000 00474nam a22001817a 4500
005 20260527155626.0
008 260527b |||||||| |||| 00| 0 eng d
020 _a9789364685979
_c899.00
040 _aMAIN
041 _aEnglish
082 _bAGG
_a153.93
100 _aAggarwal, R.S.
_9126
245 _aModern Approach to Verbal And Non Verbal Reasoning
260 _aUttar Pradesh
_bS. Chand
_c2025
300 _aV.P.
650 _aCompetitive Books
942 _cBK
999 _c60901
_d60901